Rocket League Levels - Statistics

General Stats
  • This quiz has been taken 3,698 times
  • The average score is 7 of 8
Answer Stats
Level Rank % Correct
20 Pro
91%
0 Rookie
90%
10 Semi-Pro
86%
50 Master
85%
30 Veteran
84%
60 Legend
81%
75 Rocketeer
81%
40 Expert
77%
No matching quizzes found
Score Distribution
Percent of People with Each Score
Percentile by Number Answered
Your Score History
You have not taken this quiz